| 000 | 00864nam a22002177a 4500 | ||
|---|---|---|---|
| 005 | 20150708115319.0 | ||
| 008 | 140714b xxu||||| |||| 00| 0 Urdu d | ||
| 010 | _aUR-9177 | ||
| 020 |
_c200.00 _a9789383882250 |
||
| 035 | _aU-7732 | ||
| 037 | _bBPPD/Pub/Ven | ||
| 040 |
_aDPL _bUrdu |
||
| 082 | _a270.54 | ||
| 100 | _aمر تبہ :مکر م ہا د ی علی چو ہد ر ی صا حب | ||
| 245 |
_aد و ر ہ قا د يا ن1991ءحضر ت خليفتہ ا لمسيح ا لر ا بع _cمر تبہ :مکر م ہا د ی علی چو ہد ر ی صا حب |
||
| 246 | h |
_aDaura Qadian 1991 _bBy Hadhrat Khalifatul Masih IV (ra) |
|
| 260 |
_bNazarat Nashr-o-Ashaat Sadar Anjuman Ahmadia Qadian _c2014 _aPunjab |
||
| 270 |
_aZila Gurudass Pur, _bPunjab _k - _e143516 |
||
| 300 |
_a267+21ص _c22Cm (Hb) |
||
| 942 |
_2ddc _cUR _e _h270.54 _mق ا د |
||
| 999 |
_c94730 _d94730 |
||